Drinks/Liquids Emojis - Statistics

General Stats
  • This quiz has been taken 30 times
  • The average score is 7 of 12
Answer Stats
Emoji Animal % Correct
🫗 Water
93%
🍺🍻 Beer
86%
🍷 Wine
82%
🍼🥛 Milk
79%
Coffee
75%
🫖🍵 Tea
75%
🧃 Juice Box
68%
🥃 Tumbler Glass
50%
🧋 Bubble Tea
46%
🍾🥂 Champagne
43%
🍶 Sake
18%
🧉 Mate
11%
No matching quizzes found
Score Distribution
Percent of People with Each Score
Percentile by Number Answered
Your Score History
You have not taken this quiz